LEADER 02002nas 2200541-a 450 001 996251321503316 005 20230224213018.0 011 $a1555-4589 035 $a(DE-599)ZDB2202404-9 035 $a(OCoLC)51027337 035 $a(CKB)1000000000025845 035 $a(CONSER)--2003238307 035 $a(EXLCZ)991000000000025845 100 $a20021118a19989999 s-- a 101 0 $aeng 135 $aurcnu|||||||| 181 $ctxt$2rdacontent 182 $cc$2rdamedia 183 $acr$2rdacarrier 200 04$aThe Journal of cases in educational leadership /$fUniversity Council for Educational Administration 210 $a[Tempe, AZ] $cUniversity Council for Educational Administration in cooperation with the University of Utah$d1998- 210 3 $a[Thousand Oaks, CA] $cSage Publications 215 $a1 online resource 300 $aTitle from journal homepage (UCEA website, viewed May 15, 2003). 311 $a1555-4589 517 1 $aJCEL 531 $aJOURNAL OF CASES IN EDUCATIONAL LEADERSHIP 606 $aEducational leadership$vPeriodicals 606 $aEducational leadership$xResearch$vPeriodicals 606 $aLeadership en éducation$vPériodiques 606 $aLeadership en éducation$xRecherche$vPériodiques 606 $aEducational leadership$2fast$3(OCoLC)fst00903527 606 $aEducational leadership$xResearch$2fast$3(OCoLC)fst00903531 608 $aPeriodicals.$2lcgft 608 $aPeriodicals.$2fast 615 0$aEducational leadership 615 0$aEducational leadership$xResearch 615 6$aLeadership en éducation 615 6$aLeadership en éducation$xRecherche 615 7$aEducational leadership. 615 7$aEducational leadership$xResearch. 676 $a370 712 02$aUniversity Council for Educational Administration, 712 02$aUniversity of Utah, 906 $aJOURNAL 912 $a996251321503316 996 $aThe Journal of cases in educational leadership$92286012 997 $aUNISA LEADER 02078nam 2200421 450 001 9910734379703321 005 20230717214502.0 010 $a9783748935544 024 7 $a10.5771/9783748935544 035 $a(CKB)5840000000100787 035 $a(NjHacI)995840000000100787 035 $a(EXLCZ)995840000000100787 100 $a20230717d2022 uy 0 101 0 $ager 135 $aur||||||||||| 181 $ctxt$2rdacontent 182 $cc$2rdamedia 183 $acr$2rdacarrier 200 14$aThe application of UN Charter Chapter XI to military occupations /$fJonas Attenhofer 205 $aFirst edition. 210 1$aBaden-Baden :$cNomos,$d2022. 215 $a1 Online Ressource 225 1 $aBeiträge zum ausländischen öffentlichen Recht und Völkerrecht$vBand 318 311 $a3-7560-0282-9 330 $aThis book argues that Chapter XI of the UN Charter should be applied to military occupations. The book operates in two parts. First, it describes the status quo of the law of military occupation and the economic incentive that this status quo holds for the occupant. Second, it shows by way of a contemporary interpretation, how Chapter XI should be applied and what it would mean for the economic rights of the inhabitants. It will be argued that the application of Chapter XI would make it economically unattractive for an occupant to stay in the foreign territory, while leaving his right to self-defense intact.This book is of interest to scholars and practitioners who are seeking new avenues for the laws of military occupation. 410 0$aBeitra?ge zum ausla?ndischen o?ffentlichen Recht und Vo?lkerrecht ;$vvolume 318. 606 $aConquest, Right of 606 $aMilitary occupation 615 0$aConquest, Right of. 615 0$aMilitary occupation. 676 $a341.66 700 $aAttenhofer$b Jonas$01301020 801 0$bNjHacI 801 1$bNjHacl 906 $aBOOK 912 $a9910734379703321 996 $aThe Application of UN Charter Chapter XI to Military Occupations$93025705 997 $aUNINA LEADER 03386nam 22006375 450 001 9910728942803321 005 20251009082212.0 010 $a9783031317507$b(electronic bk.) 010 $z9783031317491 024 7 $a10.1007/978-3-031-31750-7 035 $a(MiAaPQ)EBC30558415 035 $a(Au-PeEL)EBL30558415 035 $a(OCoLC)1381093550 035 $a(DE-He213)978-3-031-31750-7 035 $a(BIP)090181669 035 $a(PPN)270620125 035 $a(CKB)26816415100041 035 $a(EXLCZ)9926816415100041 100 $a20230531d2023 u| 0 101 0 $aeng 135 $aurcnu|||||||| 181 $ctxt$2rdacontent 182 $cc$2rdamedia 183 $acr$2rdacarrier 200 10$aLatin American Blackberries Biology $eMora de Castilla (Rubus glaucus Benth.) Vol 1 /$fby Fernando Ramírez 205 $a1st ed. 2023. 210 1$aCham :$cSpringer Nature Switzerland :$cImprint: Springer,$d2023. 215 $a1 online resource (188 pages) 311 08$aPrint version: Ramírez, Fernando Latin American Blackberries Biology Cham : Springer International Publishing AG,c2023 9783031317491 327 $a1. Introduction -- 2. Floral morphology and phenology -- 3. Pollen grain morphology, viability, and insect visitation -- 4. The phenology of Rubus glaucus Benth. characterized by the BBCH scale -- 5.Propagation and cultivation -- 6.Fruit and chromosome number -- 7.Post-harvest physiology and nutritional facts -- 8.Genetic diversity -- 9.Breeding programs -- 10.Morphological diversity -- 11.Rubus glaucus and climate change. 330 $aThe current book focuses on Mora de Castilla (Rubus glaucus Benth.). It explores aspects, such as origin, phenology, propagation, floral and fruit morphology, arthropod visitors, pollination mechanisms, propagation methods, chromosome number, fruit development, breeding, morphological diversity, and the impact of climate change. It includes novel data about plant phenology, flowering, insect visitors, seed germination, fruit morphology, and allometric relationships. This work includes an in-depth review of the most recently published information on the topic. Mora de Castilla is an economically important fruit crop from the Andes. It has been crossed with other Rubus species due to its high yield and everbearing habit. Currently, it is an economically important plant. It has been hybridized with other Rubus species producing new and better-quality hybrids This book contains numerous photographs selected by the author to provide the reader with detailed information about the plant´s morphological features and arthropod visitors. . 606 $aBotany 606 $aAgriculture 606 $aBiomolecules 606 $aPhysical biochemistry 606 $aMacromolecules 606 $aPlant Science 606 $aAgriculture 606 $aStructural Biology 615 0$aBotany. 615 0$aAgriculture. 615 0$aBiomolecules. 615 0$aPhysical biochemistry. 615 0$aMacromolecules. 615 14$aPlant Science. 615 24$aAgriculture. 615 24$aStructural Biology. 676 $a583.642 676 $a583.642 700 $aRami?rez$b Fernando$00 801 0$bMiAaPQ 801 1$bMiAaPQ 801 2$bMiAaPQ 912 $a9910728942803321 996 $aLatin American Blackberries Biology$93389858 997 $aUNINA